000 00209 a2200097 4500
001 46155
100 _aBates H E
245 _aReader's Digest Omnibus
260 _a
_bAndre Deutsch
_c
090 _c29259
_d29259
942 _aNUST-CAE
_cM
_c21401
999 _c281228
_d281228